000 00740nam a22001935i 4500
001 156507
003 ES-MaACL
005 20230906210427.0
008 040805s1873 fr a |||| | fre d
040 _aCAM
_bspa
_cCAM
100 1 _aJunod, Alfred.
_9128401
245 1 0 _aGymnastique populaire raisonnée
_b: a l'usage des écoles primaires, secondaires & supérieures ainsi que pour tous les ages /
_cpar Junod & Senglet.
260 _aParis :
_bSandoz & Fischbacher ;
_aNauchate: librairie Générale de J. Sandoz.
300 _a382 p. :
_bil. ;
_c19 cm.
650 _aGimnasia.
_9148136
650 4 _aEduación física.
_912071
700 1 1 _aSenglet.
_9132647
852 _aES-MaACL
_jD-1511
_z-- Rúst.
_z-- Donación M. de la Fuente
999 _c156507
_d156507